[Event "BLR-chT U18"]
[Site "Gomel"]
[Date "2024.03.04"]
[Round "5.2"]
[White "Sidorenja, Radion"]
[Black "Peatrov, Oleg"]
[Result "1-0"]
[WhiteElo "2000"]
[BlackElo "2000"]
[PlyCount "95"]
[EventDate "2024.03.01"]
[EventType "tourn"]
[EventRounds "7"]
[EventCountry "BLR"]
[SourceTitle "CB11_2024"]
[SourceDate "2024.03.13"]
[SourceVersion "1"]
[SourceVersionDate "2024.03.13"]
[SourceQuality "1"]

1. e4 c5 2. c3 d5 3. exd5 Qxd5 4. d4 e6 5. Nf3 Nf6 6. Be2 Be7 7. 0-0 0-0 8. c4 Qd8 9. dxc5 Bxc5 10. Nc3 Nc6 11. a3 a5 12. Bg5 Be7 13. Qc2 Nd7 14. Bxe7 Qxe7 15. Rfd1 Nde5 16. Nxe5 Nxe5 17. Qe4 Ng6 18. Nb5 Rb8 19. Qd4 e5 20. Qd6 Be6 21. Qxe7 Nxe7 22. b4 axb4 23. axb4 Nc6 24. Rab1 Rfd8 25. Rxd8+ Rxd8 26. c5 Nd4 27. Nxd4 exd4 28. Bd3 Kf8 29. f3 Ke7 30. Ra1 Bd5 31. Kf2 Kf6 32. Ke2 Ke5 33. Kd2 g5 34. Re1+ Kf6 35. Be4 g4 36. Bxd5 Rxd5 37. fxg4 Rg5 38. Re4 h5 39. h4 Rg8 40. g5+ Kf5 41. Rxd4 f6 42. Ke3 fxg5 43. Rd5+ Kf6 44. Rxg5 Rxg5 45. hxg5+ Kxg5 46. b5 Kf6 47. c6 bxc6 48. b6 1-0

[Event "BLR-chT U18"]
[Site "Gomel"]
[Date "2024.03.03"]
[Round "4.2"]
[White "Peatrov, Oleg"]
[Black "Piatrenka, Ivan"]
[Result "0-1"]
[WhiteElo "2000"]
[BlackElo "2000"]
[PlyCount "106"]
[EventDate "2024.03.01"]
[EventType "tourn"]
[EventRounds "7"]
[EventCountry "BLR"]
[SourceTitle "CB11_2024"]
[SourceDate "2024.03.13"]
[SourceVersion "1"]
[SourceVersionDate "2024.03.13"]
[SourceQuality "1"]

1. Nf3 g6 2. g3 Bg7 3. c4 e5 4. d3 Nc6 5. Nc3 d6 6. Bg2 f5 7. 0-0 Nf6 8. Bg5 h6 9. Bxf6 Qxf6 10. Rb1 0-0 11. Nd2 Ne7 12. Nd5 Nxd5 13. Bxd5+ Kh7 14. Bg2 g5 15. b4 g4 16. e3 f4 17. Ne4 Qg6 18. exf4 exf4 19. gxf4 Rxf4 20. Qd2 Rf8 21. d4 Kh8 22. Rb3 h5 23. d5 Bh6 24. Qd4+ Qg7 25. Qxg7+ Kxg7 26. c5 Bf4 27. cxd6 cxd6 28. Rc3 Bf5 29. Ng3 Bg6 30. Rc7+ Rf7 31. Rxf7+ Bxf7 32. Ne2 Bg5 33. Nd4 Kf6 34. Re1 Re8 35. Rxe8 Bxe8 36. Kf1 Ke5 37. Ne6 Bd2 38. Nd8 Bxb4 39. Nxb7 Bb5+ 40. Kg1 Bc5 41. Nd8 h4 42. Nc6+ Kf6 43. Bf1 Ba4 44. Kg2 Bd1 45. Bd3 Bf3+ 46. Kf1 Bxd5 47. Nb8 Ba3 48. Bb1 a5 49. Nd7+ Kg5 50. Nb6 Be6 51. Ke2 h3 52. Na4 d5 53. Nc3 Bd6 0-1